000
00412nam a2200157Ia 4500
008
090123s9999 xx 000 0 und d
082
_b
3679
_a
923.254/फडके
245
_a
स्मृती
250
_a
1
260
_b
आराधना मु.
_c
1974
300
_a
155
630
_a
स्मृती
700
_a
फडके कमलिनी
730
_a
स्मृती
942
_c
BOOK
999
_c
41758
_d
41758